Tradizioni popolari italiane /

Guardat en:
Dades bibliogràfiques
Autor principal: Toschi, Paolo (autor)
Format: Llibre
Idioma:italià
Publicat: Turín, Italia : ERI, 1967, c1959
Etiquetes: Afegir etiqueta
Sense etiquetes, Sigues el primer a etiquetar aquest registre!

MARC

LEADER 00000nam^a2200000^a^4500
001 000629408
005 20260320000000.0
009 20260407175347.525
037 |a Acervo Xavier Clavigero 
041 |a ITA 
091 |a FHG. 01581 
100 |a Toschi, Paolo  |e (autor) 
245 1 0 |a Tradizioni popolari italiane / 
264 4 |a Turín, Italia :  |b ERI,  |c 1967, c1959 
300 |a 209 p. 
336 |a texto  |b txt  |2 rdacontenido 
337 |a sin mediación  |b n  |2 rdamedio 
338 |a volumen  |b nc  |2 rdasoporte 
649 |a XX 
910 |a Fondo Humberto García Bedoy S.J. 
920 |a Impresos - Libros 
930 |a Fondos Especiales 
905 |a 148 
901 |a 629712-10  |b IT2  |c ESP  |i D  |u 20260320 
902 |a https://opac.biblio.iteso.mx/vufind/Record/000629408